|
|
|
|
| LEADER |
00000nlm1a2200000 4500 |
| 001 |
340903 |
| 005 |
20231101033253.0 |
| 035 |
|
|
|a (RuTPU)RU\TPU\book\367924
|
| 090 |
|
|
|a 340903
|
| 100 |
|
|
|a 20180419d2018 m y0rusy50 ca
|
| 101 |
0 |
|
|a rus
|
| 102 |
|
|
|a RU
|
| 181 |
|
0 |
|a i
|
| 182 |
|
0 |
|a b
|
| 200 |
1 |
|
|a История России
|b Электронный ресурс
|e в ч.
|e учебное пособие
|e рабочая тетрадь
|f А. В. Войтович
|g Национальный исследовательский Томский политехнический университет
|
| 203 |
|
|
|a Текст
|c электронный
|
| 210 |
|
|
|a Томск
|c Изд-во ТПУ
|d 2018
|
| 700 |
|
1 |
|a Войтович
|b А. В.
|c историк
|c старший преподаватель Томского политехнического университета
|f 1976-
|g Алексей Викторович
|2 stltpush
|
| 712 |
0 |
2 |
|a Национальный исследовательский Томский политехнический университет
|b Школа базовой инженерной подготовки
|b Отделение русского языка
|h 8030
|2 stltpush
|3 (RuTPU)RU\TPU\col\23517
|
| 801 |
|
2 |
|a RU
|b 63413507
|c 20180419
|g RCR
|
| 942 |
|
|
|c CF
|